000 00789nam a2200253 a 4500
001 BRL_794
005 20190320210912.0
008 071013s1986----mx-o######---#000-0#spa-#
020 _a9682909562
041 _aspa
044 _amx
050 4 _aHB123.M4
_b.C63 1986
100 1 _aCosío Villegas, Daniel
_d1898-1976
_923133
245 1 0 _aMemorias
_cDaniel Cosío Villegas.
260 _aMéxico
_bSEP : Joaquin Mortiz
_c1986
300 _a320 p.
_bil.
_c22 cm.
440 0 _aLecturas mexicanas
_pSegunda Serie
_v55
_924972
500 _aAu939
500 _aVer también no. de sistema 178 (ed.Joaquín Mortiz, 1976) Fondo Ruth Lechuga
650 1 4 _aEconomistas
_vBiografías
_zMéxico
_923135
650 1 4 _aHistoriadores
_vBiografías
_zMéxico
_923136
902 _aGRL
942 _2lcc
_cB
999 _c9606
_d9606